000 00298nam a22001337a 4500
008 190305b xxu||||| |||| 00| 0 eng d
020 _a9780716776550
041 _aeng
080 _24th
_a159.9
100 _a49
101 _aPSI
245 _aDisovering Psychology
_cHockenbury
942 _2udc
_cBK
999 _c54477
_d54477